000 00671nam a22002292 4500
001 0000023280
005 20151217152239.0
008 121019s xx 000 0 eng d
020 _a0255366007 :
040 _aKABU
_cKABU
100 1 _aJohns, Helen.
_@0000182644
245 1 0 _aHappiness, economics and public policy /
_cHelen Johns and Paul Ormerod.
250 _a1st ed.
260 _aLondon :
_bIEA,
_c2007.
300 _a109 p.
650 0 _aPolitical planning.
_@0000182645
650 0 _aHappiness.
_@0000182646
700 1 _aOrmerod, Paul.
_@0000182647
852 1 _9p400 KES
908 _a121019
950 _@1
999 _c9779
_d9779